000 00590nam a2200217 4500
003 OSt
005 20260530113908.0
008 260508b2012 |||a|||| |||| 001 0 spa d
020 _a9786074371048
040 _aICI
_bspa
_cICI
050 _aNK2195
_b.B66
100 1 _aDe Haro, Fernando
_933079
245 1 0 _aLibreros y Bibliotecas
_bBookshelves
264 1 _bNumen Small Books
_c2012
_aMéxico
300 _a62 páginas
336 _atexto
_2rdacontent
337 _asin medio
_2rdamedia
338 _avolumen
_2rdacarrier
700 _aOmar Fuentes
_eAutor
_933080
942 _2lcc
_cBK
_n1
999 _c12041
_d12041